| 000 | 00511nam a2200205 a 4500 | ||
|---|---|---|---|
| 005 | 20210219152906.0 | ||
| 008 | 991125n 000 0 spa u | ||
| 035 | _aUPN01000065868 | ||
| 222 | _aEL MAESTRO | ||
| 245 | _aBases para acelerar la formación de técnicos | ||
| 300 | _a79-85 | ||
| 362 | _a1970 No. 15 abr. | ||
| 653 | 0 | _aCURRICULUM | |
| 653 | 0 | _aEDUCACION | |
| 653 | 0 | _aEDUCACION TÉCNICA | |
| 653 | 0 | _aLEXICO | |
| 653 | 0 | _aPOLITICA EDUCATIVA | |
| 904 |
_aAC _b003679 |
||
| 905 | _aArticulo | ||
| 999 |
_c63175 _d63175 |
||